LEADER 01599nam a2200361 u 4500 001 000000019233 003 CaOOAMICUS 005 20070226110750.0 008 941201s1978 it u000 u ita u 020 $aL6000 035 $a10461692 040 $aPUL$bita 082 $a340.5/4 098 $aIt*** 100 1 $aD'Ippolito, Federico.$0(OLS)http://pul/name/7150 245 12$aI giuristi e la città :$bricerche sulla giurisprudenza romana della repubblica /$cFederico D'Ippolito. 260 $aNapoli :$bEdizioni scientifiche italiane,$cc1978. 300 $axi, 136 p. ;$c21 cm 490 1 $aStoria del pensiero giuridico ;$v5 500 $aIncludes index. 504 $aIncludes bibliographical references. 650 0$aLawyers$zRome.$2//eng$0(OLS)http://pul/subject/12891 650 0$aJustice, Administration of$zRome.$2//eng$0(OLS)http://pul/subject/12954 650 0$aRoman law$xHistory.$0(OLS)http://pul/subject/1407 830 0$aStoria del pensiero giuridico ;$v5.$0(OLS)http://pul/title/10344 850 $aPUL 852 $aPUL$W1$xSL Diritto e Scienze Sociali 1$y4$m189 B 220$j27077$nBK-PRI$b $qStampati$B27077$CPULBib$Z2$F27077 $H $81 941 1 $a8 961 $aINV: 66669. -- Dono G. Lombardi. 996 $6020$aL6000$9(OLS)http://pul/number/7050 996 $6082$a340.5/4$9(OLS)http://pul/classification/87 996 $6245$aI giuristi e la città :$bricerche sulla giurisprudenza romana della repubblica$9(OLS)http://pul/title/27243 996 $6260$aNapoli :$bEdizioni scientifiche italiane$9(OLS)http://pul/publisher/48388 LEADER 02147nam a2200385 u 4500 001 000000029444 003 CaOOAMICUS 005 20070226111922.0 008 970312s1987 sz u000 u fre u 020 $a2 05 100834 5 035 $a10755365 040 $aPUL$bita 041 0 $afre$aita 245 00$aEchanges religieux entre la France et l'Italie :$bdu Moyen Age à l'époque moderne = Relazioni e affinità religiose tra Francia e Italia dal Medioevo all'epoca moderna /$cEtudes rassemblées par M. Maccarrone et A. Vauchez. 246 30$aRelazioni e affinità religiose tra Francia e Italia dal Medioevo all'epoca moderna 260 $aGeneve :$bSlatkine,$c1987. 300 $a382 p. ;$c20 cm 490 1 $aBibliothèque Franco Simone ;$v16 500 $aComprende indici. 504 $aBibliografia alla fine di ogni intervento. 650 4$aChiesa$xStoria$yMedioevo, 600-1500.$0(OLS)http://pul/subject/660 650 4$aChiesa$xStoria$yEtà moderna.$0(OLS)http://pul/subject/1633 651 4$aFrancia$xStoria ecclesiastica$y987-1515.$0(OLS)http://pul/subject/16894 651 4$aItalia$xStoria ecclesiastica$ySec. VII-XVI.$0(OLS)http://pul/subject/16895 700 1 $aMaccarrone, Michele,$csac.,$d1910-1993.$0(OLS)http://pul/name/6448 700 1 $aVauchez, André,$d1938-$0(OLS)http://pul/name/625 710 2 $aCentre d'études franco-italien.$0(OLS)http://pul/name/23799 830 0$aBibliothèque Franco Simone ;$v16.$0(OLS)http://pul/title/40308 850 $aPUL 852 $aPUL$W1$xDP1 Fondo Maccarrone$y58$m1510 F 34$j40809$nBK-PRI$b $qFondi$B40809$CPULBib$Z2$F40809 $H $81 941 1 $a1 996 $6020$a2 05 100834 5$9(OLS)http://pul/number/36811 996 $6245$aEchanges religieux entre la France et l'Italie :$bdu Moyen Age à l'époque moderne = Relazioni e affinità religiose tra Francia e Italia dal Medioevo all'epoca moderna$9(OLS)http://pul/title/40306 996 $6246$aRelazioni e affinità religiose tra Francia e Italia dal Medioevo all'epoca moderna$9(OLS)http://pul/title/40307 996 $6260$aGeneve :$bSlatkine$9(OLS)http://pul/publisher/60353